[Event "TUR Cup"]
[Site "Ankara"]
[Date "2021.12.09"]
[Round "2"]
[White "Ozgoren, Kivanc"]
[Black "Ceylan, Arda"]
[Result "0-1"]
[WhiteElo "1311"]
[BlackElo "1724"]
[PlyCount "102"]
[EventDate "2021.12.08"]
[EventType "swiss"]
[EventRounds "9"]
[EventCountry "TUR"]
[SourceTitle "CBM 205 Extra"]
[Source "ChessBase"]
[SourceDate "2022.01.31"]
[SourceVersion "1"]
[SourceVersionDate "2022.01.31"]
[SourceQuality "1"]

1. d4 d5 2. c4 dxc4 3. e4 e5 4. d5 Nf6 5. Nc3 c6 6. Bxc4 b5 7. Bd3 b4 8. Na4 cxd5 9. Bg5 d4 10. Qb3 Be6 11. Bc4 Qd7 12. Bxf6 Bxc4 13. Qxc4 gxf6 14. Rc1 Be7 15. Nc5 Qc6 16. f3 Bxc5 17. Qxc5 Kd7 18. Kd2 Rc8 19. Qxc6+ Nxc6 20. Ne2 Na5 21. b3 Nb7 22. g4 Nd6 23. Ng3 Rc3 24. Rxc3 dxc3+ 25. Kc2 Nb5 26. Nf5 Rd8 27. Rd1+ Kc7 28. Rxd8 Kxd8 29. h4 Nd4+ 30. Kd3 Nxf5 31. exf5 h6 32. a3 a5 33. axb4 axb4 34. Ke3 Kd7 35. Kd3 Kd6 36. Ke3 Kd5 37. Kd3 c2 38. Kxc2 Kd4 39. Kd2 e4 40. f4 e3+ 41. Ke2 Ke4 42. g5 fxg5 43. hxg5 hxg5 44. fxg5 Kxf5 45. Kxe3 Kxg5 46. Kd3 f5 47. Ke3 Kg4 48. Kf2 Kf4 49. Ke2 Kg3 50. Kf1 Kf3 51. Ke1 Kg2 0-1